Normal view MARC view
  • Theroux, Paul,

Entry Nombre Personal

Number of records used in: 3

001 - NUMERO DE CONTROL

  • campo de control: 38434

003 - IDENTIFICADOR DE NUMERO DE CONTROL

  • campo de control: UPN

005 - FECHA Y HORA DE LA ÜLTIMA TRANSACCIÓN

  • campo de control: 20210219194535.0

008 - DATOS DE LONGITUD FIJA

  • campo de control de longitud fija: nabaccnnaabn|||||||||| b |nc|||||d

035 ## - NUMERO DE CONTROL

  • Número de control: UPN11000010541

040 ## - FUENTE DE CATALOGACIÓN

  • Lenguaje de catalogación: SPA
  • Agencia de transcripción: UPN

053 #4 - NÚMERO DE CLASIFICACIÓN LC

  • Número de clasificación elemento-número único o número inicial de tramo: PS3570 H4

100 1# - ENCABEZAMIENTO - NOMBRE PERSONAL

  • Nombre personal: Theroux, Paul,
  • Fechas asociadas con el nombre: 1941-

670 ## - FUENTE EN LA QUE SE LOCALIZARON DATOS

  • Cita de la fuente: T
  • Información localizada: Wikipedia

680 ## - NOTA PUBLICA DE ACCESO PÚBLICO

  • Frase explicativa de la referencia: Escritor estadounidense, conocido por sus novelas y libros de viajes. Tras licenciarse en la universidad en 1963, viajó primero a Italia y después a África, donde ejerció la docencia en Malaui y Uganda

902 ## - CATALOGADOR

  • Catalogador: MCM/120516